000 01209nam a22003497a 4500
003 CHAP
005 20220329141326.0
008 971013s1982 mx a r 00010 spa d
010 _a66417
011 _a67389
035 _a76859
040 _cCHAP
090 _aTesis
100 0 0 _aHernández Robles, Arturo.
_954536
245 1 0 _aAdaptación y rendimiento de seis variedades de soya (Glycine max L. Merril) en la región de Marín, N. L.
_c/por Arturo Hernández Robles
260 _aMonterrey, N. L. :
_bEl autor,
_c1982
300 _a67 h. :
_bgráfs.
500 _a28-27
502 _aTesis (Ing. Agrónomo Fitotecnista). -- Univ. Autónoma de Nuevo León. Fac. de Agronomía
590 _aALEPH
_b10
_c20130110
_lUCH01
_h1400
590 _aBATCH-UPD
_b10
_c20130110
_lUCH01
_h0547
590 _aBATCH-UPD
_b10
_c20130410
_lUCH01
_h0229
590 _aBATCH-UPD
_b10
_c20130913
_lUCH01
_h1928
590 _aCONVERSION
_b10
_c20130109
_lUCH01
_h1337
650 1 4 _aAdaptación vegetal.
_9880
650 1 4 _aSoya
_xNuevo León.
_9109075
650 1 4 _aSoya
_xRendimiento.
_9109084
650 1 4 _aSoya
_xVariedades.
_9109096
901 _aBK
942 _cTESIS
949 _bBC
_cTES
_d-29716
_eTS1
_h18484
_i76859
_si
999 _c66417
_d66417